Logo biblioteca
Santa Fe 2917, Rosario, Santa Fe
Lu-Vi 8 a 19.45
+54-341-4232362
bibliotecaeudoro@gmail.com
Facebook Biblioteca Pedagógica
Sitio web

Gaspar Ruiz / (Registro nro. 31970)

Detalles MARC
000 -CABECERA
campo fijo de control de longitud 00790nam a2200253 4500
001 - NÚMERO DE CONTROL
campo de control 31970
003 - IDENTIFICADOR DEL NÚMERO DE CONTROL
campo de control AR-RoBPED
005 - FECHA Y HORADE LA ULTIMA TRANSACCION
campo de control 20250825132139.0
008 - ELEMENTOS DE LONGITUD FIJA--INFORMACION GENERAL
campo fijo de control de longitud 250825e2000 spa||||er|||| 001 f spa d
020 ## - ISBN
ISBN 844690814X
040 ## - FUENTE CATALOGADORA
Centro catalogador/agencia de origen AR-RoBPED
041 ## - IDIOMA
Código de idioma para texto/pista de sonido o título independiente spa
100 1# - ENCABEZAMIENTO PRINCIPAL--AUTOR PERSONAL
Nombre de persona Conrad, Joseph
Fechas nac-muerte 1857-1924
9 (RLIN) 562
245 ## - TITULO
Título Gaspar Ruiz /
Mención de responsabilidad Joseph Conrad; traducción de A. Laurent y prólogo de Mauro Cancini.
260 ## - PUBLICACION
Lugar Barcelona :
Editor Astri,
Fecha 2000.
300 ## - DESCRIPCION FISICA
Extensión 94 p.
490 0# - SERIE
Mención de serie (Biblioteca Literatura Universal)
650 #4 - TERMINO DE MATERIA--CONTROLADO
Término controlado LITERATURA INGLESA
9 (RLIN) 444
Término controlado NOVELAS
9 (RLIN) 25
700 1# - ENCABEZAMIENTO SECUNDARIO--AUTOR PERSONAL
Nombre de persona Laurent, Alberto
9 (RLIN) 27276
Función trad.
Nombre de persona Cancini, Mauro
9 (RLIN) 30192
Función prol.
942 ## - ELEMENTOS KOHA
Fuente de clasificación Universal Decimal Classification
Número Koha k. 31970
Koha tipo de ítem Libro
Clasificación 820-31
Signatura librística C 74 g
Inventario inv. 42113
945 ## - PROCESAMIENTO DE LA INFORMACIÓN LOCAL
Catalogador y fecha mm 25/08/2025 - cd 25/08/2025
Existencias
Estado retirado Estado perdido Fuente de clasificación Estado dañado No se presta Biblioteca propietaria Biblioteca de reserva Fecha de adquisición Total de préstamos Signatura topográfica completa Código de barras (nº de inventario) Fecha visto por última vez Catalogador y fecha Tipo de ítem Koha Nota pública
    Universal Decimal Classification     Biblioteca Pedagógica Eudoro Díaz Biblioteca Pedagógica Eudoro Díaz 12/08/2025   820-31 C 74g 42113 25/08/2025 mm 25/08/2025 Libro Se presta 15 días.